[Event "Bogota Humana op"]
[Site "Bogota"]
[Date "2012.12.08"]
[Round "7"]
[White "Tapia, Daniel"]
[Black "Hevia Alejano, Carlos Antonio"]
[Result "0-1"]
[WhiteElo "2292"]
[BlackElo "2508"]
[PlyCount "64"]
[EventDate "2012.12.05"]
[EventType "swiss"]
[EventRounds "9"]
[EventCountry "COL"]
[SourceTitle "EXT 2014"]
[Source "ChessBase"]
[SourceDate "2013.11.20"]
[SourceVersion "1"]
[SourceVersionDate "2013.11.20"]
[SourceQuality "1"]

1. e4 c5 2. d4 cxd4 3. c3 Nf6 4. e5 Nd5 5. Nf3 Nc6 6. cxd4 d6 7. Bc4 Nb6 8. Bb3 dxe5 9. d5 Na5 10. Nc3 Nxb3 11. Qxb3 g6 12. Bg5 f6 13. Be3 Bd7 14. 0-0-0 Rc8 15. Kb1 Nc4 16. Nd2 Nxe3 17. fxe3 Qb6 18. Qxb6 axb6 19. d6 exd6 20. Nde4 f5 21. Nxd6+ Bxd6 22. Rxd6 Bc6 23. Rhd1 Ke7 24. Kc2 Rhd8 25. Rxd8 Rxd8 26. Rxd8 Kxd8 27. g3 Ke7 28. Kd3 Kf6 29. Kc4 Kg5 30. b4 Kg4 31. b5 Bg2 32. Na4 Kh3 0-1

[Event "Bogota Humana op"]
[Site "Bogota"]
[Date "2012.12.07"]
[Round "4"]
[White "Barrientos Chavarriaga, Sergio E"]
[Black "Tapia, Daniel"]
[Result "0-1"]
[WhiteElo "2459"]
[BlackElo "2292"]
[PlyCount "106"]
[EventDate "2012.12.05"]
[EventType "swiss"]
[EventRounds "9"]
[EventCountry "COL"]
[SourceTitle "EXT 2014"]
[Source "ChessBase"]
[SourceDate "2013.11.20"]
[SourceVersion "1"]
[SourceVersionDate "2013.11.20"]
[SourceQuality "1"]

1. e4 e6 2. d4 d5 3. Nc3 Bb4 4. e5 c5 5. a3 Bxc3+ 6. bxc3 Qa5 7. Bd2 Qa4 8. Qb1 c4 9. h4 Nc6 10. Nh3 Bd7 11. h5 0-0-0 12. g3 f6 13. f4 Nh6 14. Be2 Nf5 15. Kf2 Rdf8 16. Kg2 h6 17. Nf2 Rfg8 18. Ng4 Qa5 19. Qe1 Rf8 20. a4 Nfe7 21. Bc1 f5 22. Ne3 g6 23. hxg6 Rfg8 24. Kf2 Rxg6 25. Ba3 Rhg8 26. Rh3 Kb8 27. Bh5 R6g7 28. Bf3 Rg6 29. Bb4 Qd8 30. a5 Nxb4 31. cxb4 Qf8 32. c3 Be8 33. Qh1 Bd7 34. Qh2 a6 35. Ke2 Bc6 36. Kd2 Rh8 37. Bh5 Rg7 38. Bd1 Rg6 39. Bc2 Ka7 40. Rg1 Rhg8 41. Rh4 Bd7 42. Bd1 Nc6 43. Nc2 Ne7 44. Bh5 R6g7 45. Bd1 Rg6 46. Ne3 Nc6 47. Kc1 Nxb4 48. cxb4 Qxb4 49. Qa2 Rxg3 50. Nc2 Qc3 51. Rgh1 Rg2 52. Qb2 Qxa5 53. Rxh6 R8g3 0-1

[Event "Bogota Humana op"]
[Site "Bogota"]
[Date "2012.12.07"]
[Round "5"]
[White "Tapia, Daniel"]
[Black "Ortegon Villacorte, Linda Daniela"]
[Result "1-0"]
[WhiteElo "2292"]
[BlackElo "1837"]
[PlyCount "67"]
[EventDate "2012.12.05"]
[EventType "swiss"]
[EventRounds "9"]
[EventCountry "COL"]
[SourceTitle "EXT 2014"]
[Source "ChessBase"]
[SourceDate "2013.11.20"]
[SourceVersion "1"]
[SourceVersionDate "2013.11.20"]
[SourceQuality "1"]

1. e4 e6 2. d4 d5 3. Nd2 Nf6 4. e5 Nfd7 5. Ngf3 c5 6. c3 b6 7. Qa4 c4 8. b3 cxb3 9. axb3 Be7 10. Bd3 Bb7 11. Nf1 Qc7 12. Bd2 a6 13. Ng3 Nc6 14. b4 b5 15. Qd1 Nb6 16. 0-0 Nc4 17. Bg5 h5 18. h4 f6 19. Bf4 f5 20. Bg5 g6 21. Ne2 Nb2 22. Qd2 Nxd3 23. Qxd3 Nd8 24. Nf4 Rg8 25. Qe3 Qc6 26. Bxe7 Kxe7 27. Nd3 Nf7 28. Ng5 Qc7 29. Nc5 Bc8 30. Ra5 Nd8 31. Rfa1 Nc6 32. R5a3 f4 33. Qxf4 Rf8 34. Qxf8+ 1-0

[Event "Bogota Humana op"]
[Site "Bogota"]
[Date "2012.12.06"]
[Round "3"]
[White "Tapia, Daniel"]
[Black "Perez Rodriguez, Juan Carlos"]
[Result "1-0"]
[WhiteElo "2292"]
[BlackElo "1957"]
[PlyCount "58"]
[EventDate "2012.12.05"]
[EventType "swiss"]
[EventRounds "9"]
[EventCountry "COL"]
[SourceTitle "EXT 2014"]
[Source "ChessBase"]
[SourceDate "2013.11.20"]
[SourceVersion "1"]
[SourceVersionDate "2013.11.20"]
[SourceQuality "1"]

1. e4 c5 2. c3 Nf6 3. e5 Nd5 4. d4 cxd4 5. Nf3 d6 6. Bc4 e6 7. cxd4 dxe5 8. dxe5 Be7 9. 0-0 0-0 10. Qe2 Qa5 11. Bd2 Qb6 12. Bb3 Bd7 13. Qe4 Bc6 14. Qg4 Rd8 15. Bh6 Bf8 16. Nbd2 Ne7 17. Bg5 Bd5 18. Bc2 Nbc6 19. b3 Qc5 20. Rfc1 Qb4 21. Ne4 Kh8 22. a3 Qb6 23. Qh3 Ng6 24. Bxd8 Nxd8 25. Qg4 Qc7 26. Neg5 Bxf3 27. Qh3 h6 28. Bxg6 Qe7 29. Nxf3 fxg6 1-0

[Event "Bogota Mayores Distrital op"]
[Site "Bogota"]
[Date "2011.08.14"]
[Round "7"]
[White "Espinoza Palomino, Willyam"]
[Black "Tapia, Daniel"]
[Result "1/2-1/2"]
[WhiteElo "2259"]
[BlackElo "2302"]
[PlyCount "61"]
[EventDate "2011.08.11"]
[EventType "swiss"]
[EventRounds "9"]
[EventCountry "COL"]
[SourceTitle "CBM 143 Extra"]
[Source "ChessBase"]
[SourceDate "2011.08.29"]
[SourceVersion "1"]
[SourceVersionDate "2011.08.29"]
[SourceQuality "1"]

1. e4 e5 2. Nf3 Nc6 3. Bb5 a6 4. Ba4 Nf6 5. 0-0 Be7 6. Re1 b5 7. Bb3 0-0 8. h3 Bb7 9. d3 d6 10. a3 Qd7 11. Nbd2 Rfe8 12. Nf1 Nd8 13. c3 Ne6 14. Ng3 c5 15. d4 c4 16. Bc2 Qc7 17. Nf5 Bf8 18. d5 Nd8 19. g4 Kh8 20. Be3 Ng8 21. Qd2 f6 22. a4 Nf7 23. Ra2 g6 24. Ng3 Bh6 25. Rea1 Bxe3 26. Qxe3 Qc5 27. axb5 axb5 28. Ra7 Ne7 29. Nd2 Qc7 30. Bb1 Kg7 31. Kh2 1/2-1/2

[Event "Bogota Mayores Distrital op"]
[Site "Bogota"]
[Date "2011.08.13"]
[Round "4"]
[White "Tapia, Daniel"]
[Black "Salcedo, Diana"]
[Result "1-0"]
[WhiteElo "2302"]
[BlackElo "1998"]
[PlyCount "102"]
[EventDate "2011.08.11"]
[EventType "swiss"]
[EventRounds "9"]
[EventCountry "COL"]
[SourceTitle "CBM 143 Extra"]
[Source "ChessBase"]
[SourceDate "2011.08.29"]
[SourceVersion "1"]
[SourceVersionDate "2011.08.29"]
[SourceQuality "1"]

1. b3 d5 2. Bb2 Nf6 3. Nf3 c5 4. e3 e6 5. c4 Be7 6. cxd5 exd5 7. Bb5+ Nc6 8. 0-0 Bg4 9. d4 cxd4 10. Qxd4 Bxf3 11. gxf3 Qd7 12. Nd2 Bd6 13. Kg2 0-0 14. Bxc6 bxc6 15. Rg1 Rfe8 16. Qh4 Be5 17. Bxe5 Rxe5 18. Kh1 Re6 19. b4 Qd6 20. Qd4 Ne8 21. Rg5 Rg6 22. Rxg6 Qxg6 23. Rc1 Qe6 24. Qc5 Rb8 25. a3 Rb6 26. Qa5 Rb7 27. Nb3 g6 28. Nd4 Qf6 29. Rxc6 Qh4 30. Kg2 Qg5+ 31. Kf1 Qh5 32. Ke2 Qxh2 33. Qxd5 Rc7 34. b5 Kg7 35. f4 Re7 36. Qg5 f6 37. Qc5 Kf7 38. Qd5+ Kg7 39. Re6 Rxe6 40. Qxe6 Qh5+ 41. Kd2 Kf8 42. Qd7 Ng7 43. Qxa7 Qd5 44. Kc3 Ne8 45. Qa4 Nd6 46. f3 Qc5+ 47. Kd3 Kf7 48. Qb3+ Ke7 49. b6 Nb7 50. Qe6+ Kf8 51. Qxf6+ Kg8 1-0

[Event "Bogota Mayores Distrital op"]
[Site "Bogota"]
[Date "2011.08.12"]
[Round "2"]
[White "Tapia, Daniel"]
[Black "Estrella Becerra, Fernando"]
[Result "1-0"]
[WhiteElo "2302"]
[BlackElo "2071"]
[PlyCount "119"]
[EventDate "2011.08.11"]
[EventType "swiss"]
[EventRounds "9"]
[EventCountry "COL"]
[SourceTitle "CBM 143 Extra"]
[Source "ChessBase"]
[SourceDate "2011.08.29"]
[SourceVersion "1"]
[SourceVersionDate "2011.08.29"]
[SourceQuality "1"]

1. b3 Nf6 2. Bb2 c5 3. Nf3 d5 4. e3 g6 5. c4 e6 6. cxd5 exd5 7. Ne5 Bg7 8. Bb5+ Bd7 9. Nxd7 Nbxd7 10. Qf3 0-0 11. Bxd7 Nxd7 12. Bxg7 Kxg7 13. Qxd5 Qf6 14. Nc3 Ne5 15. f4 Ng4 16. Qf3 Nxe3 17. dxe3 Qxc3+ 18. Kf2 Qd2+ 19. Qe2 Rad8 20. Rhd1 Qxe2+ 21. Kxe2 f5 22. h3 h5 23. g4 hxg4 24. hxg4 Rh8 25. Rxd8 Rxd8 26. g5 Kf7 27. Rh1 Kg7 28. Rc1 Rd5 29. b4 cxb4 30. Rc7+ Kf8 31. Rxb7 a5 32. Ra7 Kg8 33. Ra6 Kg7 34. Rf6 Rb5 35. Rd6 a4 36. Rd2 Kf7 37. Kd1 Ke6 38. Kc2 Rd5 39. Rh2 Rc5+ 40. Kb2 Rc3 41. Rh8 a3+ 42. Kb1 Kd5 43. Re8 Rc6 44. Re5+ Kc4 45. e4 fxe4 46. Rxe4+ Kc3 47. Re5 Rc4 48. f5 Rf4 49. Rc5+ Kd4 50. fxg6 Rf8 51. g7 Re8 52. Rc7 Kd3 53. g6 Kd2 54. Rd7+ Kc3 55. Kc1 Re1+ 56. Rd1 Re8 57. Rh1 Rg8 58. Rh3+ Kc4 59. Kc2 Rxg7 60. Rg3 1-0

[Event "Bogota Mayores Distrital op 07"]
[Site "Bogota"]
[Date "2011.07.23"]
[Round "4"]
[White "Bejarano, Danny Andres"]
[Black "Tapia, Daniel"]
[Result "1/2-1/2"]
[WhiteElo "1962"]
[BlackElo "2302"]
[PlyCount "36"]
[EventDate "2011.07.20"]
[EventType "swiss"]
[EventRounds "7"]
[EventCountry "COL"]
[SourceTitle "EXT 2012"]
[Source "ChessBase"]
[SourceDate "2011.11.24"]
[SourceVersion "1"]
[SourceVersionDate "2011.11.24"]
[SourceQuality "1"]

1. e4 e5 2. Nf3 Nc6 3. Bb5 a6 4. Ba4 Nf6 5. 0-0 Be7 6. Re1 b5 7. Bb3 0-0 8. h3 Bb7 9. c3 d5 10. d3 dxe4 11. dxe4 Qxd1 12. Bxd1 Nd7 13. Be3 Nc5 14. Bc2 Rad8 15. Nbd2 Nd3 16. Bxd3 Rxd3 17. Nb3 Rfd8 18. Bc5 Bf6 1/2-1/2

[Event "Bogota Mayores Distrital op 06"]
[Site "Bogota"]
[Date "2011.06.18"]
[Round "5"]
[White "Estrella Becerra, Fernando"]
[Black "Tapia, Daniel"]
[Result "0-1"]
[WhiteElo "2077"]
[BlackElo "2300"]
[PlyCount "92"]
[EventDate "2011.06.16"]
[EventType "swiss"]
[EventRounds "7"]
[EventCountry "COL"]
[SourceTitle "EXT 2012"]
[Source "ChessBase"]
[SourceDate "2011.11.24"]
[SourceVersion "1"]
[SourceVersionDate "2011.11.24"]
[SourceQuality "1"]

1. Nf3 Nf6 2. g3 c5 3. c4 b6 4. Bg2 Bb7 5. 0-0 e6 6. d4 cxd4 7. Bg5 Be7 8. Nxd4 Bxg2 9. Kxg2 Qc7 10. Qd3 a6 11. Nc3 0-0 12. Rac1 d6 13. Kg1 Nbd7 14. Bxf6 Nxf6 15. Ne4 Rac8 16. Nf3 Qc6 17. Nxf6+ Bxf6 18. b3 Qc5 19. Rcd1 Rfd8 20. e4 b5 21. cxb5 axb5 22. Rfe1 b4 23. Re2 Qa5 24. Rc2 Rxc2 25. Qxc2 Bc3 26. Nd4 Qc5 27. Ne2 d5 28. exd5 exd5 29. a4 Re8 30. Nf4 d4 31. Nd3 Qd5 32. Nc1 h5 33. Qd3 h4 34. Qb5 Qxb5 35. axb5 hxg3 36. hxg3 Rb8 37. Kf1 Rxb5 38. Ke2 g5 39. g4 Ra5 40. Nd3 Kg7 41. Kf3 Kf6 42. Ke4 Ke6 43. f4 gxf4 44. Nxf4+ Kd6 45. Nd3 Rg5 46. Nf2 Re5+ 0-1

[Event "Bogota McGregor op 1st"]
[Site "Bogota"]
[Date "2010.12.08"]
[Round "10"]
[White "Agudelo, Carlos Hernan"]
[Black "Tapia, Daniel"]
[Result "0-1"]
[WhiteElo "2113"]
[BlackElo "2308"]
[PlyCount "42"]
[EventDate "2010.12.03"]
[EventType "swiss"]
[EventRounds "10"]
[EventCountry "COL"]
[SourceTitle "CBM 139 Extra"]
[Source "ChessBase"]
[SourceDate "2011.01.05"]
[SourceVersion "1"]
[SourceVersionDate "2011.01.05"]
[SourceQuality "1"]

1. c4 Nf6 2. e3 e5 3. a3 g6 4. b4 Bg7 5. Bb2 d6 6. d4 Nbd7 7. dxe5 dxe5 8. Nf3 Qe7 9. Nc3 c6 10. e4 0-0 11. c5 Rd8 12. Qc2 Nf8 13. Bd3 Nh5 14. g3 Bg4 15. Nd2 Ne6 16. Ne2 Bh6 17. 0-0-0 a5 18. Kb1 axb4 19. axb4 Rxd3 20. Qxd3 Rd8 21. Qc4 Bxd2 0-1

[Event "Bogota McGregor op 1st"]
[Site "Bogota"]
[Date "2010.12.06"]
[Round "6"]
[White "Conti, Julian"]
[Black "Tapia, Daniel"]
[Result "0-1"]
[WhiteElo "2063"]
[BlackElo "2308"]
[PlyCount "124"]
[EventDate "2010.12.03"]
[EventType "swiss"]
[EventRounds "10"]
[EventCountry "COL"]
[SourceTitle "CBM 139 Extra"]
[Source "ChessBase"]
[SourceDate "2011.01.05"]
[SourceVersion "1"]
[SourceVersionDate "2011.01.05"]
[SourceQuality "1"]

1. e4 e5 2. Nf3 Nc6 3. Bb5 a6 4. Ba4 Nf6 5. 0-0 Be7 6. Re1 b5 7. Bb3 d6 8. c3 0-0 9. h3 Na5 10. Bc2 c5 11. d4 Nd7 12. Nbd2 exd4 13. cxd4 Nc6 14. Nf1 cxd4 15. Nxd4 Nxd4 16. Qxd4 Ne5 17. Ne3 Bxh3 18. Nd5 Be6 19. Nxe7+ Qxe7 20. Bf4 Rac8 21. Bb3 Qf6 22. Qd2 Rc6 23. Bg3 h5 24. Rac1 Rfc8 25. Rxc6 Rxc6 26. Rc1 Bxb3 27. axb3 Rxc1+ 28. Qxc1 h4 29. Bf4 Qe6 30. Qc3 Ng6 31. Qd2 Qxe4 32. Bxd6 h3 33. gxh3 Nh4 34. Kf1 Qh1+ 35. Ke2 Qf3+ 36. Ke1 Qxh3 37. Qd5 Qg4 38. Bg3 Nf5 39. Qa8+ Kh7 40. Qh1+ Kg6 41. Qc6+ f6 42. Qc2 Kh5 43. Qc5 Qe4+ 44. Kd2 Qd4+ 45. Qxd4 Nxd4 46. b4 f5 47. Ke3 Nc2+ 48. Kf4 g6 49. Ke5 Nxb4 50. Kd4 g5 51. Bd6 Nc2+ 52. Kc5 Ne1 53. Kb6 Nd3 54. Kxa6 Nxb2 55. Kxb5 Nd1 56. f3 Nf2 57. Kc4 f4 58. Kc3 Kh4 59. Kd2 Kg3 60. Ke2 Nh3 61. Be7 Ng1+ 62. Kf1 Nxf3 0-1

[Event "COL-chT"]
[Site "Bogota"]
[Date "2010.10.18"]
[Round "7.2"]
[White "Tapia, Daniel"]
[Black "Pinzon, Jairo David"]
[Result "1-0"]
[WhiteElo "2315"]
[BlackElo "2152"]
[PlyCount "71"]
[EventDate "2010.10.15"]
[EventType "swiss"]
[EventRounds "7"]
[EventCountry "COL"]
[SourceTitle "EXT 2024"]
[Source "ChessBase"]
[SourceDate "2023.10.10"]
[SourceVersion "1"]
[SourceVersionDate "2023.10.10"]
[SourceQuality "1"]

1. d4 Nf6 2. c4 c5 3. d5 b5 4. Nf3 g6 5. Qc2 d6 6. e4 Bg7 7. cxb5 a6 8. Nc3 0-0 9. Bc4 Nbd7 10. 0-0 Nb6 11. Be2 axb5 12. Nxb5 Ne8 13. Bd2 Nc7 14. a4 Nxb5 15. axb5 Bg4 16. Ra6 Bc8 17. Ra5 Bg4 18. Rfa1 Rxa5 19. Rxa5 Qd7 20. Ra6 Bxf3 21. gxf3 Rb8 22. b4 c4 23. Bxc4 Nxc4 24. Qxc4 Be5 25. Kg2 Qxb5 26. Qxb5 Rxb5 27. Ra5 Rb8 28. b5 Bd4 29. Be3 Bxe3 30. fxe3 f5 31. exf5 gxf5 32. Kf2 Rc8 33. b6 Rc2+ 34. Kg3 Rb2 35. Ra8+ Kg7 36. Rb8 1-0

[Event "Bogota Central op"]
[Site "Bogota"]
[Date "2008.11.07"]
[Round "4.3"]
[White "Tapia, Daniel"]
[Black "Vittorino, Carlo Giovanni"]
[Result "0-1"]
[WhiteElo "2324"]
[BlackElo "2342"]
[PlyCount "98"]
[EventDate "2008.11.05"]
[EventType "swiss"]
[EventRounds "6"]
[EventCountry "COL"]
[SourceTitle "EXT 2024"]
[Source "ChessBase"]
[SourceDate "2023.10.10"]
[SourceVersion "1"]
[SourceVersionDate "2023.10.10"]
[SourceQuality "1"]

1. d4 Nf6 2. Nf3 e6 3. Bf4 c5 4. e3 Qb6 5. Nc3 cxd4 6. exd4 Bb4 7. a3 Bxc3+ 8. bxc3 Qa5 9. Bd2 Qc7 10. Bd3 b6 11. h4 Bb7 12. Rh3 Ne4 13. Bxe4 Bxe4 14. Rg3 Nc6 15. c4 d5 16. c3 0-0-0 17. Qe2 f6 18. c5 Na5 19. Qa6+ Kb8 20. cxb6 Qxb6 21. Qxb6+ axb6 22. Bf4+ Ka8 23. Nd2 Rd7 24. Ra2 Bf5 25. Rb2 Kb7 26. Re3 h5 27. f3 Ra8 28. Kf2 Kc6 29. Rb4 b5 30. a4 Rb7 31. Re1 Nc4 32. axb5+ Rxb5 33. Rxb5 Kxb5 34. Nb3 Ra3 35. Nd2 Rxc3 36. Nxc4 Kxc4 37. Be3 Bd3 38. Ra1 Rc2+ 39. Kg3 Re2 40. Bg1 g5 41. hxg5 fxg5 42. Rc1+ Kb5 43. Rc8 Kb6 44. Rc3 Bf5 45. Re3 Rb2 46. Kh2 h4 47. Kh1 g4 48. fxg4 Be4 49. g5 h3 0-1

[Event "Bogota Central op"]
[Site "Bogota"]
[Date "2008.11.05"]
[Round "2.5"]
[White "Tapia, Daniel"]
[Black "Sanchez, Victor Hugo"]
[Result "1-0"]
[WhiteElo "2324"]
[BlackElo "2170"]
[PlyCount "55"]
[EventDate "2008.11.05"]
[EventType "swiss"]
[EventRounds "6"]
[EventCountry "COL"]
[SourceTitle "EXT 2024"]
[Source "ChessBase"]
[SourceDate "2023.10.10"]
[SourceVersion "1"]
[SourceVersionDate "2023.10.10"]
[SourceQuality "1"]

1. d4 Nf6 2. c4 c5 3. d5 b5 4. Nf3 g6 5. Qc2 Bg7 6. e4 d6 7. cxb5 a6 8. Nc3 0-0 9. Be2 e6 10. 0-0 exd5 11. exd5 axb5 12. Bxb5 Na6 13. Bf4 h6 14. h3 Qb6 15. Bc6 Nb4 16. Qb3 Bf5 17. Rac1 c4 18. Qxc4 Bd3 19. Qb3 Bxf1 20. Rxf1 Ra5 21. Rd1 Rd8 22. Rd4 Nfxd5 23. Nxd5 Rxd5 24. Bxd5 Bxd4 25. Bxf7+ Kh7 26. Qe6 d5 27. Bxg6+ Kh8 28. Nxd4 1-0

[Event "Bucaramanga op"]
[Site "Bucaramanga"]
[Date "2008.06.02"]
[Round "8"]
[White "Tapia, Daniel"]
[Black "Sanchez Maya, Simon"]
[Result "1-0"]
[WhiteElo "2348"]
[BlackElo "2182"]
[PlyCount "78"]
[EventDate "2008.05.30"]
[EventType "swiss"]
[EventRounds "9"]
[EventCountry "COL"]
[SourceTitle "EXT 2010"]
[Source "ChessBase"]
[SourceDate "2010.11.25"]
[SourceVersion "1"]
[SourceVersionDate "2010.11.25"]
[SourceQuality "1"]

1. Nf3 d5 2. c4 c6 3. e3 Nf6 4. b3 Bf5 5. Bb2 e6 6. Nc3 Nbd7 7. Be2 e5 8. d3 Bd6 9. e4 Be6 10. cxd5 cxd5 11. Ng5 d4 12. Nb1 Qe7 13. 0-0 0-0 14. Nd2 b5 15. a4 a6 16. Nxe6 Qxe6 17. f4 Nc5 18. fxe5 Bxe5 19. Nf3 Ng4 20. Bc1 Nxb3 21. Ng5 Qh6 22. Nh3 Nxc1 23. Bxg4 Qe3+ 24. Nf2 Bf4 25. Rxc1 Qxc1 26. Qxc1 Bxc1 27. Rxc1 bxa4 28. Ra1 Rab8 29. Rxa4 Rb1+ 30. Nd1 f5 31. exf5 Rc8 32. Kf2 Rc2+ 33. Kg3 Rd2 34. Nf2 Rbb2 35. Ne4 Rxg2+ 36. Kf4 Rxh2 37. Rxd4 a5 38. Rd8+ Kf7 39. Ra8 Rb5 1-0

[Event "Cali qual"]
[Site "Cali"]
[Date "2008.05.01"]
[Round "1"]
[White "Narvaez, Zamir Alexis"]
[Black "Tapia, Daniel"]
[Result "0-1"]
[WhiteElo "2026"]
[BlackElo "2348"]
[PlyCount "124"]
[EventDate "2008.05.01"]
[EventType "swiss"]
[EventRounds "9"]
[EventCountry "COL"]
[SourceTitle "CBM 124 Extra"]
[Source "ChessBase"]
[SourceDate "2008.07.03"]
[SourceVersion "1"]
[SourceVersionDate "2008.07.03"]
[SourceQuality "1"]

1. e4 c6 2. Nf3 d5 3. Nc3 g6 4. d4 Bg7 5. h3 Nf6 6. Bd3 dxe4 7. Nxe4 Nxe4 8. Bxe4 Nd7 9. 0-0 Nf6 10. Bd3 0-0 11. Qe2 b5 12. a4 b4 13. Ne5 Bb7 14. a5 Rc8 15. Rd1 c5 16. dxc5 Rxc5 17. a6 Ba8 18. Nf3 Nd5 19. Ng5 Qb8 20. Ne4 Rcc8 21. Rb1 Rfd8 22. Ng3 Nf4 23. Bxf4 Qxf4 24. Be4 Bxe4 25. Rxd8+ Rxd8 26. Qxe4 Qxe4 27. Nxe4 f5 28. Nc5 Rc8 29. Nd3 Rc4 30. b3 Rd4 31. Re1 Kf7 32. Ne5+ Bxe5 33. Rxe5 Rd1+ 34. Kh2 Rd2 35. Rb5 Rxf2 36. Rxb4 Rxc2 37. Rb7 Rb2 38. b4 f4 39. Kg1 Ke6 40. b5 Kd6 41. b6 axb6 42. Rb8 Ra2 43. Rxb6+ Kd5 44. Rb5+ Kc6 45. Rb7 e5 46. Rxh7 Rxa6 47. Kf2 Kd5 48. Rd7+ Ke4 49. Rd2 g5 50. Rb2 Ra5 51. Rb4+ Kf5 52. g4+ Ke6 53. Rb6+ Kd5 54. Rg6 Ra2+ 55. Kg1 Kd4 56. Rxg5 e4 57. Rf5 f3 58. g5 Ke3 59. Rf6 Ra1+ 60. Kh2 f2 61. g6 Rg1 62. h4 Rxg6 0-1

[Event "Bogota Olympic qual 1st"]
[Site "Bogota"]
[Date "2008.03.24"]
[Round "9.11"]
[White "Jimenez, Jose Mauricio"]
[Black "Tapia, Daniel"]
[Result "0-1"]
[WhiteElo "2228"]
[BlackElo "2348"]
[PlyCount "70"]
[EventDate "2008.03.20"]
[EventType "swiss"]
[EventRounds "9"]
[EventCountry "COL"]
[SourceTitle "EXT 2024"]
[Source "ChessBase"]
[SourceDate "2023.10.10"]
[SourceVersion "1"]
[SourceVersionDate "2023.10.10"]
[SourceQuality "1"]

1. c4 c5 2. g3 Nc6 3. Bg2 g6 4. Nf3 Bg7 5. 0-0 e5 6. Nc3 Nge7 7. e4 0-0 8. d3 d6 9. Nd5 h6 10. Bd2 f5 11. Ne1 Nxd5 12. exd5 Ne7 13. Qc1 f4 14. Rb1 Nf5 15. Nc2 g5 16. b4 b6 17. bxc5 dxc5 18. Qd1 Qd6 19. Be4 Bd7 20. Bc3 Rae8 21. Na3 a6 22. Rb2 Nd4 23. Qh5 Bf5 24. Bxf5 Nxf5 25. Rfb1 fxg3 26. fxg3 b5 27. cxb5 Qxd5 28. Qd1 Nd4 29. Bxd4 Qxd4+ 30. Kh1 e4 31. bxa6 exd3 32. Nb5 Qd5+ 33. Rg2 Re2 34. Qg1 Rff2 35. Nc7 Qxg2+ 0-1

[Event "Bogota Sub zt 2.3.4"]
[Site "Bogota"]
[Date "2006.12.20"]
[Round "4"]
[White "Tapia, Daniel"]
[Black "Morales, Jhon Alexander"]
[Result "1-0"]
[WhiteElo "2295"]
[BlackElo "2350"]
[PlyCount "41"]
[EventDate "2006.12.18"]
[EventType "swiss"]
[EventRounds "9"]
[EventCountry "COL"]
[SourceTitle "CBM 116 Extra"]
[Source "ChessBase"]
[SourceDate "2007.03.07"]
[SourceVersion "1"]
[SourceVersionDate "2007.03.07"]
[SourceQuality "1"]

1. e4 c5 2. Nf3 e6 3. d4 cxd4 4. Nxd4 Qb6 5. Nb3 Qc7 6. Nc3 a6 7. Be3 b5 8. Qd2 d6 9. 0-0-0 Nd7 10. Kb1 Rb8 11. Bd3 Ngf6 12. f4 Be7 13. Rhe1 0-0 14. e5 dxe5 15. fxe5 Nxe5 16. Bf4 Nfd7 17. Qe3 f6 18. Qh3 f5 19. Nd4 b4 20. Nxe6 Qa5 21. Nd5 1-0

[Event "Bogota Sub zt 2.3.4"]
[Site "Bogota"]
[Date "2006.12.19"]
[Round "2"]
[White "Tapia, Daniel"]
[Black "Ruiz Aguilar, Pablo Alexander"]
[Result "1-0"]
[WhiteElo "2295"]
[BlackElo "2244"]
[PlyCount "87"]
[EventDate "2006.12.18"]
[EventType "swiss"]
[EventRounds "9"]
[EventCountry "COL"]
[SourceTitle "CBM 116 Extra"]
[Source "ChessBase"]
[SourceDate "2007.03.07"]
[SourceVersion "1"]
[SourceVersionDate "2007.03.07"]
[SourceQuality "1"]

1. d4 d5 2. c4 e6 3. Nc3 Nf6 4. cxd5 exd5 5. Bg5 Be7 6. e3 0-0 7. Bd3 c6 8. Qc2 Nbd7 9. Nge2 Re8 10. f3 Nf8 11. 0-0 Nh5 12. Bxe7 Qxe7 13. e4 dxe4 14. fxe4 Be6 15. Rf2 Rad8 16. Raf1 Nf6 17. h3 Ng6 18. a3 Rf8 19. Qc1 Nd7 20. Qe3 Nb6 21. e5 Bc4 22. Bxc4 Nxc4 23. Qc1 Nb6 24. Ng3 Rxd4 25. Nf5 Qxe5 26. Re1 Qc5 27. Nxd4 Qxd4 28. Ne2 Qd6 29. Rd1 Qe5 30. Nd4 Nd5 31. Nf3 Qg3 32. Qg5 Qxg5 33. Nxg5 Ne5 34. Re2 f6 35. Ne4 Rf7 36. Kf2 g6 37. g3 Kg7 38. Nc3 Nxc3 39. bxc3 a5 40. a4 Nc4 41. Rb1 Rd7 42. Re4 Nd2 43. Rd4 Nxb1 44. Rxd7+ 1-0

[Event "Bogota Sub zt 2.3.4"]
[Site "Bogota"]
[Date "2006.12.19"]
[Round "3"]
[White "Vittorino, Carlo Giovanni"]
[Black "Tapia, Daniel"]
[Result "1/2-1/2"]
[WhiteElo "2328"]
[BlackElo "2295"]
[PlyCount "100"]
[EventDate "2006.12.18"]
[EventType "swiss"]
[EventRounds "9"]
[EventCountry "COL"]
[SourceTitle "CBM 116 Extra"]
[Source "ChessBase"]
[SourceDate "2007.03.07"]
[SourceVersion "1"]
[SourceVersionDate "2007.03.07"]
[SourceQuality "1"]

1. d4 Nf6 2. Bg5 d5 3. Bxf6 exf6 4. e3 Bd6 5. g3 0-0 6. Bg2 c6 7. Nd2 Bf5 8. Ne2 Re8 9. 0-0 Nd7 10. c4 dxc4 11. Nxc4 Bf8 12. Nc3 Nb6 13. Na5 Qd7 14. a3 Nd5 15. Qb3 Nb6 16. e4 Bg4 17. d5 cxd5 18. exd5 Rac8 19. Nb5 Be2 20. Nxa7 Bxf1 21. Rxf1 Rc7 22. d6 Qxd6 23. Nb5 Qe7 24. Nxc7 Qxc7 25. Nxb7 Nd7 26. a4 Nc5 27. Nxc5 Qxc5 28. Bd5 Re7 29. Qc4 Qa5 30. Rd1 g6 31. Kg2 Rc7 32. Qb3 Kg7 33. Rd3 Bb4 34. Qd1 Re7 35. b3 Qc5 36. Bc4 Re5 37. Rd7 Qc6+ 38. Rd5 h5 39. Qf3 Re1 40. Rd3 Qc7 41. h4 Bc5 42. Qa8 Re2 43. Rf3 Rd2 44. a5 Qe7 45. Qc6 Bd4 46. a6 Qe1 47. Qd5 Kh6 48. Qxf7 Rxf2+ 49. Rxf2 Qxf2+ 50. Kh3 Qf5+ 1/2-1/2

[Event "Denker High School-ch"]
[Site "USA"]
[Date "2003.08.05"]
[Round "3"]
[White "Tapia, Daniel"]
[Black "Ma, Eric"]
[Result "1-0"]
[WhiteElo "2116"]
[BlackElo "1934"]
[PlyCount "101"]
[EventDate "2003.08.??"]
[EventType "swiss"]
[EventRounds "6"]
[EventCountry "USA"]
[SourceTitle "EXT 2005"]
[Source "ChessBase"]
[SourceDate "2004.11.15"]
[SourceVersion "1"]
[SourceVersionDate "2004.11.15"]
[SourceQuality "1"]

1. d4 d5 2. c4 c6 3. Nf3 Nf6 4. e3 e6 5. Nc3 Be7 6. Qc2 Nbd7 7. g4 h6 8. Bd2 b6 9. Rg1 Bb7 10. h4 dxc4 11. Bxc4 c5 12. Be2 cxd4 13. Nxd4 Nd5 14. g5 hxg5 15. hxg5 Nc5 16. g6 f6 17. Bb5+ Kf8 18. Nxd5 Bxd5 19. b4 Ne4 20. Nxe6+ Bxe6 21. Qxe4 Qd5 22. Bc6 Qxe4 23. Bxe4 Rc8 24. Ke2 Rh4 25. Bd3 Bg4+ 26. Rxg4 Rxg4 27. Bf5 Rcc4 28. Bxg4 Rxg4 29. Rc1 Rxg6 30. Rc7 Rg4 31. Rxa7 b5 32. a3 Rg5 33. Rb7 Kf7 34. e4 Rh5 35. Be3 Ke6 36. Bc5 Bxc5 37. Rxb5 Rh3 38. bxc5 Rxa3 39. f4 Ra4 40. Ke3 Ra3+ 41. Kd4 g6 42. Rb6+ Ke7 43. e5 Ra4+ 44. Kd5 Rxf4 45. Re6+ Kd7 46. Rxf6 Rg4 47. c6+ Kd8 48. Rf8+ Kc7 49. Rf7+ Kc8 50. e6 Rg1 51. e7 1-0